书目信息 |
| 题名: |
泰国与柬埔寨史
|
|
| 作者: | 马尼奇琼赛 , 琼赛 著 ;厦门大学外语系 译 | |
| 分册: | ||
| 出版信息: | 福州 福建人民出版社 1976.05 |
|
| 页数: | 390页 | |
| 开本: | 20cm | |
| 丛书名: | ||
| 单 册: | ||
| 中图分类: | K33 | |
| 科图分类: | ||
| 主题词: | 东南亚--历史 | |
| 电子资源: | ||
| ISBN: | ||
| 000 | 00761nam0 2200253 45 | |
| 001 | 0212171483 | |
| 005 | 20031219104102.3 | |
| 010 | @dCNY1.23 | |
| 091 | @a11173.8 | |
| 100 | @a20021217d1976 km y0chiy0120 ea | |
| 101 | 0 | @achi |
| 105 | @a z 001yy | |
| 200 | 1 | @a泰国与柬埔寨史@ATai Guo Yu Jian Pu Zhai Shi@f(泰)姆·耳·马尼奇·琼赛著@F(Tai)Mu·Er·Ma Ni Qi·Qiong Sai Zhu@g厦门大学外语系译 |
| 210 | @a福州@c福建人民出版社@d1976.05 | |
| 215 | @a390页@d20cm | |
| 300 | @a内部读物 | |
| 300 | @a根据曼谷查伦尼书店1970年11月版译出 | |
| 606 | 0 | @a东南亚@x历史 |
| 690 | @aK33@v3 | |
| 701 | 0 | @a马尼奇琼赛@4著 |
| 701 | 0 | @a琼赛@4著 |
| 712 | 02 | @a厦门大学外语系@AXia Men Da Xue Wai Yu Xi@4译 |
| 801 | @aCN@bTSTC@c20021217 | |
| 905 | @f1@b219223@dK33@e3 | |
| 泰国与柬埔寨史/(泰)姆·耳·马尼奇·琼赛著/厦门大学外语系译.-福州:福建人民出版社,1976.05 |
| 390页;20cm |
| 内部读物.-根据曼谷查伦尼书店1970年11月版译出 |
| ISBN :CNY1.23 |
| ● |
| 相关链接 |
|
|
|
|
正题名:泰国与柬埔寨史
索取号:K33/3
 
预约/预借
| 序号 | 登录号 | 条形码 | 馆藏地/架位号 | 状态 | 备注 |
| 1 | 0219223 | 001737035 | 第二样本阅览室/ [索取号:K33/3] | 在馆 |